000 00765nam a2200277Ia 4500
005 20260324121037.0
008 008 260324s9999 xx 000 0 eng d
020 _a9780203084984
037 _aEBOOK
040 _aCRL
040 _beng
040 _cCRL
041 _2eng
041 _aeng
084 _qCRL
100 _aChristian Dunis; Spiros Likothanassis; Andreas Karathanasopoulos; Georgios Sermpinis; Konstantinos Theofilatos
_91160970
245 0 _aComputational Intelligence Techniques for Trading and Investment
260 _bTaylor and Francis
260 _c2014
365 _a
365 _b65.99
856 _uhttp://www.taylorfrancis.com/books/9780203084984
942 _cEBOOK
999 _c1752822
_d1752822